000
00334 a2200157 4500
001
68110
020
_a
9783126069809
040
_c
Anchieta - Pituba
100
_a
Widlock, Beate
240
1
0
_a
DaF für Kinder
_l
deu / ger
245
1
0
_a
DaF für Kinder
300
_a
200
362
0
_a
2015
650
4
_a
Língua alemã
942
_c
BK
999
_c
68110
_d
68110